| 000 | 00623nam a2200169 4500 | ||
|---|---|---|---|
| 008 | 010815s1978 us engYA | ||
| 020 | _a0060656778 | ||
| 090 |
_aBS440 _bM61h |
||
| 100 | 1 |
_aMiller, Madeleine Sweeny, _d1890-1976 |
|
| 245 | 1 | 0 |
_aHarper's encyclopedia of Bible life : _bthe complete resource on how people lived and worked in biblical times / _cMadeleine Sweeny Miller. |
| 250 | _a3rd ed. | ||
| 260 |
_aNew York : _bHarperCollins, _cc1978. |
||
| 300 |
_a423 p. : _bill. |
||
| 650 | 4 |
_aBible _xDictionaries |
|
| 650 | 4 |
_aBible _xManners and customs. |
|
| 951 |
_p10288 _oBS440/M61h _j070613110945312 _d2000-12-21 _cREF |
||
| 999 |
_c2923 _d2923 |
||